00544 2200205 4500001002100000005001700021006001900038008004100057020002200098035002500120041000700145082001000152090001600162100002500178245005700203260003000260300003200290990000800322990000800330INLIS00000000000076220140226122500.0a ||| | 180719| ||| | id  a978-979-799-083-1 a0010-031300000000762 aid0 a320.5 a320.5 TIR m0 aRiwanto Tirtosudarmo00aMencari Indonesia : Demografi-Politik Pasca-Soeharto aJakartabLIPI Pressc2007 axxvi, 386 hal, 14,8 x 21 cm a513 a514